Tatabahasa (Record no. 102966)

MARC details
000 -LEADER
fixed length control field 00730nam a2200265 i 4500
001 - CONTROL NUMBER
control field C2-0298896
003 - CONTROL NUMBER IDENTIFIER
control field PPAK
005 - DATE AND TIME OF LATEST TRANSACTION
control field 20180728080727.0
008 - FIXED-LENGTH DATA ELEMENTS--GENERAL INFORMATION
fixed length control field 090621s2009 my a|||| ||||| | may d
020 ## - INTERNATIONAL STANDARD BOOK NUMBER
International Standard Book Number 9789830036120 ; 983003612X
040 ## - CATALOGING SOURCE
Original cataloging agency PPAK
Language of cataloging eng
Transcribing agency PPAK
Description conventions rda
082 04 - DEWEY DECIMAL CLASSIFICATION NUMBER
Classification number 499.2382
Edition number 23
090 00 - LOCALLY ASSIGNED LC-TYPE CALL NUMBER (OCLC); LOCAL CALL NUMBER (RLIN)
Classification number (OCLC) (R) ; Classification number, CALL (RLIN) (NR) 499.2382
Feature heading AIN
Feature heading R
100 0# - MAIN ENTRY--PERSONAL NAME
Personal name Ain Nafila,
Relator term author
245 10 - TITLE STATEMENT
Title Tatabahasa
264 #1 - PRODUCTION, PUBLICATION, DISTRIBUTION, MANUFACTURE, AND COPYRIGHT NOTICE
Place of production, publication, distribution, manufacture Bangi, Selangor :
Name of producer, publisher, distributor, manufacturer Penerbitan Pelangi ,
Date of production, publication, distribution, manufacture, or copyright notice 2009
300 ## - PHYSICAL DESCRIPTION
Extent 163 pages :
Other physical details illustrations ;
Dimensions 26 cm
336 ## - CONTENT TYPE
Source rdacontent
Content type term text
337 ## - MEDIA TYPE
Source rdamedia
Media type term unmediated
338 ## - CARRIER TYPE
Source rdacarrier
Carrier type term volume
490 1# - SERIES STATEMENT
Series statement Focus ace PMR
650 10 - SUBJECT ADDED ENTRY--TOPICAL TERM
Topical term or geographic name entry element Bahasa Malaysia - Usage
830 #0 - SERIES ADDED ENTRY--UNIFORM TITLE
Uniform title Focus ace PMR
942 ## - ADDED ENTRY ELEMENTS (KOHA)
-- dc
Koha item type Book
Holdings
Withdrawn Not for loan Current library Shelving location Date acquired Full call number Barcode Date last seen Koha item type Total Checkouts
  Not For Loan Perpustakaan Baling Rujukan Dewasa 02/07/2009 R 499.2382 AIN A01302889 09/05/2018 Book  
  Not For Loan Perpustakaan Pendang Rujukan Dewasa 02/07/2009 R 499.2382 AIN A01302894 09/05/2018 Book  
  Not For Loan Perpustakaan Sik Rujukan Dewasa 02/07/2009 R 499.2382 AIN A01302888 09/05/2018 Book  
  Not For Loan PD37, Kg. Belat, Pendang Rujukan Dewasa 02/07/2009 R 499.2382 AIN A01302897 09/05/2018 Book